Регионална библиотека "Любен Каравелов" - Русе

Ръководство за лабораторни упражнения по обща ентомология (Запис номер 120979)

MARC детайли
000 -Лидер
Контролно поле с фиксирана дължина 01473nam a2200337 c 4500
003 - Код на организацията, давaща контролен номер
Контролно поле BLK
005 - Дата и час на последна редакция
Контролно поле 20180422110729.0
008 - Елементи от данни с фиксирана дължина
fixed length control field 180409b bul|||||r ||||||| ||bul||
010 ## - Наследен системен номер
LC control number KNG00126599000
040 ## - Източник на каталожния запис
Идентификатор на билиотеката - собственик на записа BLK
041 ## - Код за език
Код за езика на текст/звукозапис или на отделно заглавие Български
Код за езика КДБФ Български
080 ## - УДК
Текстов определител УДК Насекоми. Insecta. Ентомология
УДК код - определител по УДК 595.7
УДК определител (075.8)
УДК - код + определител 595.7(075.8)
100 1# - Редна дума - Автор
Автор Ангелов, Павел Атанасов
Авторска отговорност първи автор
R(LIN) 364405
139 ## - Редно поле
Редна дума Ангелов, Павел Атанасов
Авторски знак Ан - А 64
245 10 - Сведения за заглавието
Заглавие Ръководство за лабораторни упражнения по обща ентомология
Подзаглавни данни За студентите от ПУ Паисий Хилендарски
Редно поле (дума) Павел Атанасов Ангелов.
257 ## - Страна на издаване
Страна на създаване/издаване България
260 ## - Област на издателските данни
-- Пловдив
Име на издателя, разпространителя и проч. ПУ Паисий Хилендарски
Година на издаване 1988
300 ## - Физическа характеристика
Страници 84 с.
Илюстрации и др. с ил., сх.
Размери/Мащаб 22 см
380 ## - Жанр
Жанр Естествени науки. Математика
500 ## - Общи забележки
Забележка Показалец на лат. имена на таксоните.
650 #4 - Допълнително описание по предмет – тема
Основно описание – тема или топоним Ентомология - учебници за ВУЗ
9 (RLIN) 255356
653 ## - Ключова дума – ненормативна
Ключова дума ентомология
653 ## - Ключова дума – ненормативна
Ключова дума ръководства
653 ## - Ключова дума – ненормативна
Ключова дума лабораторни упражнения
653 ## - Ключова дума – ненормативна
Ключова дума учебници за ВУЗ
852 ## - Местоположение
Форматна сигнатура Цб 154093
856 4# - Електронен адрес и достъп
Електронен формат pdf - файл
Път до файла /url/
856 4# - Електронен адрес и достъп
Електронен формат pdf - файл
Път до файла /url/
942 ## - АРТИКУЛИ
Вид на библиотечния материал Книги
Скрит в OPAC Не
944 ## - СЪЗДАВАНЕ И РЕДАКЦИЯ на ЗАПИСА
Създаване/Редакция Създаване
Дата на регистрацията/редакция 21.01.2012
Статус, дата на статуса 21.01.2012 - от С1,Р / 21.01.2012
Служител, извършил регистрацията/редакцията Севдалина_Василева
944 ## - СЪЗДАВАНЕ И РЕДАКЦИЯ на ЗАПИСА
Създаване/Редакция Редакция
Дата на регистрацията/редакция 21.01.2012
Статус, дата на статуса 21.01.2012 - от С1,Р / 21.01.2012
Служител, извършил регистрацията/редакцията
999 ## - СИСТЕМНИ КОНТРОЛНИ НОМЕРА
Koha biblionumber 120979
Koha biblioitemnumber 120979
Наличности
Код за отписване Код за изгубен артикул Източник на класификационната схема Код за повреда Коз за рестрикции Код за отдаване Артикулен № Име на библиотеката - собственик Име на библиотеката, в която се намира в момента Статус (Текущо местоположение) Дата на вписване в системата Местоположение - отдел Цена в лева Инвентарен номер Систематично азбучна сигнатура Баркод Номер на екземпляра Цена в евро Служебна бележка Служебен тип на артикула
  Не е изгубен Universal Decimal Classification Не е повреден без рестрикции ползва се в читалня 195458 Регионална библиотека "Любен Каравелов" Русе Регионална библиотека "Любен Каравелов" Русе Хранилище 1988-01-01 Хранилище 0.41 504430 Цб 154093 120000504430 1 0.21 Дост: Дп Вид: Д N: стар фонд Дата: 01.01.1988 Книги
Vip Innovations Ltd, Rousse, Bulgaria 2025